Catálogo
 En Linea

Derecho de minas; : (Registro nro. 10771)

Detalles MARC
000 -CABECERA
campo de control de longitud fija 00645cam a2200181u 4500
001 - NÚMERO DE CONTROL
campo de control 000011037
005 - FECHA Y HORA DE LA ÚLTIMA TRANSACCIÓN
campo de control 20200929162339.0
008 - DATOS DE LONGITUD FIJA--INFORMACIÓN GENERAL
campo de control de longitud fija 850515s1960 ck 000 0 spa
040 ## - FUENTE DE LA CATALOGACIÓN
Centro catalogador/agencia de origen DO-SdBNP
Lengua de catalogación spa
Centro/agencia transcriptor BNPHU
100 1# - ENTRADA PRINCIPAL--NOMBRE DE PERSONA
Nombre de persona Sarria, Eustorgio. [from old catalog]
9 (RLIN) 26486
245 10 - MENCIÓN DE TÍTULO
Título Derecho de minas; :
Resto del título regimen juridico del subsuelo.
250 ## - MENCIÓN DE EDICIÓN
Mención de edición 2. ed., notablemente adicionada.
260 ## - PUBLICACIÓN, DISTRIBUCIÓN, ETC.
Lugar de publicación, distribución, etc. Bogota, :
Nombre del editor, distribuidor, etc. Editorial Temis,
Fecha de publicación, distribución, etc. 1960.
300 ## - DESCRIPCIÓN FÍSICA
Extensión 376 p. ;
Dimensiones 24 cm.
650 #0 - PUNTO DE ACCESO ADICIONAL DE MATERIA--TÉRMINO DE MATERIA
Término de materia o nombre geográfico como elemento de entrada Mining law
Subdivisión geográfica Colombia.
9 (RLIN) 26487
650 #0 - PUNTO DE ACCESO ADICIONAL DE MATERIA--TÉRMINO DE MATERIA
Término de materia o nombre geográfico como elemento de entrada Petroleum law and legislation
Subdivisión geográfica Colombia.
9 (RLIN) 26488
650 #0 - PUNTO DE ACCESO ADICIONAL DE MATERIA--TÉRMINO DE MATERIA
Término de materia o nombre geográfico como elemento de entrada Radioactive substances
Subdivisión general Law and legislation
Subdivisión geográfica Colombia.
9 (RLIN) 26489
Existencias
Estado de retiro Estado de pérdida Restricciones de uso No para préstamo Código de colección Localización permanente Ubicación/localización actual Ubicación en estantería Fecha de adquisición Número de inventario Total de préstamos Signatura topográfica completa Código de barras Fecha visto por última vez Precio válido a partir de Tipo de ítem Koha
    Préstamo interno   Monografías: Libros y Folletos General General En catalogación 13.10.2009 LF1   11037-10 25.06.2020 25.06.2020 Préstamo interno

Con tecnología Koha